RBI employee's gratuity and superammuation fun regulations, 1975 / (Record no. 474591)

MARC details
000 -LEADER
fixed length control field 00857nam a2200277 a 4500
001 - CONTROL NUMBER
control field vtls001160361
003 - CONTROL NUMBER IDENTIFIER
control field NLI
005 - DATE AND TIME OF LATEST TRANSACTION
control field 20210603153632.0
008 - FIXED-LENGTH DATA ELEMENTS--GENERAL INFORMATION
fixed length control field 120326s1978 ii f000 0 eng
039 #9 - LEVEL OF BIBLIOGRAPHIC CONTROL AND CODING DETAIL [OBSOLETE]
Level of rules in bibliographic description 201203302159
Level of effort used to assign nonsubject heading access points VLOAD
-- 201203262249
-- Datasoft
040 ## - CATALOGING SOURCE
Original cataloging agency NLI
Language of cataloging eng
Transcribing agency Datasoft_IOD_S
Description conventions AACR2
041 0# - LANGUAGE CODE
Language code of text/sound track or separate title eng
044 ## - COUNTRY OF PUBLISHING/PRODUCING ENTITY CODE
MARC country code ii
082 04 - DEWEY DECIMAL CLASSIFICATION NUMBER
Classification number 331.28133211
110 2# - MAIN ENTRY--CORPORATE NAME
Corporate name or jurisdiction name as entry element Reserve Bank of India (Bombay)
245 10 - TITLE STATEMENT
Title RBI employee's gratuity and superammuation fun regulations, 1975 /
Statement of responsibility, etc. Bombay, reserye bank of India
260 ## - PUBLICATION, DISTRIBUTION, ETC.
Place of publication, distribution, etc. Bombay :
Name of publisher, distributor, etc. The Reserye Bank,
Date of publication, distribution, etc. 1978
300 ## - PHYSICAL DESCRIPTION
Extent 3 p. ;
Dimensions 33 cm.
650 #0 - SUBJECT ADDED ENTRY--TOPICAL TERM
Topical term or geographic name entry element Wages and labor productivity
Geographic subdivision India
9 (RLIN) 357463
650 #0 - SUBJECT ADDED ENTRY--TOPICAL TERM
Topical term or geographic name entry element Wages
General subdivision Employees
Geographic subdivision India
9 (RLIN) 567914
887 ## - NON-MARC INFORMATION FIELD
Content of non-MARC field
901 ## - LOCAL DATA ELEMENT A, LDA (RLIN)
a 88350 date
b 12.10.1978
902 ## - LOCAL DATA ELEMENT B, LDB (RLIN)
a GP 331.28133211 R 311
942 ## - ADDED ENTRY ELEMENTS (KOHA)
Source of classification or shelving scheme Dewey Decimal Classification
Koha item type Books
Holdings
Withdrawn status Lost status Damaged status Not for loan Collection code Home library Current library Shelving location Date acquired Total Checkouts Full call number Date last seen Price effective from Koha item type
        Government Publications National Library of India National Library of India Annexe Reading Room & Stack Division     GP 331.28133211 R 311 03/06/2021 03/06/2021 Books
                                                                           
web counter

Copyright ©2020 The National Library of India, Govt. of India ↔ Hosted by NVLI, MOC ↔ Technology and Design by National Library of India, Ministry of Culture, Govt. of India